000
00284nam a2200109Ia 4500
008
230907s9999||||xx |||||||||||||| ||und||
082
_a
624.1513
_b
HOL
245
3
_a
An introduction to geotechnical engineering /
260
_a
Pearson,
_b
Noida :
_c
2013
300
_a
863 p.
942
_c
BK
999
_c
601283
_d
601283